[Event "Ch France (team) (nat.2) 2004/05"]
[Site "masterchessopen.com - France"]
[Date "2004.10.10"]
[Round "1"]
[White "Hartmann Dominique (FRA)"]
[Black "Becht Lucas (FRA)"]
[Result "0-1"]
[WhiteElo "1936"]
[BlackElo "1970"]

1.d4 c5 2.d5 e6 3.c4 exd5 4.cxd5 d6 5.Nc3 Nf6 6.e4 g6 7.f4 Bg7 8.Bb5+ Nfd7
9.a4 Qh4+ 10.g3 Qe7 11.Qc2 Na6 12.Nf3 Nb4 13.Qe2 O-O 14.O-O Nf6 15.Kg2 a6
16.Bd3 Re8 17.Re1 Qc7 18.Be3 Rb8 19.Bb1 Bd7 20.h3 b5 21.axb5 axb5 22.Qf2 Qc8
23.Rh1 Ra8 24.Rxa8 Qxa8 25.g4 c4 26.Nd4 Nd3 27.Bxd3 cxd3 28.e5 dxe5 29.fxe5
Nxd5 30.Nf3 Nxc3 31.bxc3 Bc6 32.Rd1 Be4 33.Kg1 Bxf3 {#R} 0-1

[Event "It (open)"]
[Site "masterchessopen.com - Venice (Italy)"]
[Date "2004.11.01"]
[Round "6"]
[White "Bdair Bilal (ITA)"]
[Black "Mileto Gabriele (ITA)"]
[Result "0-1"]
[WhiteElo "2004"]
[BlackElo "2206"]

1.d4 Nf6 2.c4 e6 3.Nc3 c5 4.d5 exd5 5.cxd5 d6 6.e4 g6 7.f4 Bg7 8.Bb5+ Nfd7
9.a4 Qh4+ 10.g3 Qe7 11.Qe2 O-O 12.Nf3 Na6 13.O-O Nb4 14.Be3 Nf6 15.Rae1 Bh3
16.Nd2 Nc2 17.Rd1 Nxe3 18.Qxe3 Ng4 19.Qf3 Bd4+ 20.Kh1 Ne3 21.Rf2 Bg4 {#R} 0-1

[Event "Ch New Zealand"]
[Site "masterchessopen.com - Wanganui (New Zealand)"]
[Date "2005.01.03"]
[Round "3"]
[White "Ker Anthony F (NZL)"]
[Black "Civin Tomas (CZE)"]
[Result "1-0"]
[WhiteElo "2330"]
[BlackElo "2410"]

1.d4 c5 2.d5 Nf6 3.c4 e6 4.Nc3 exd5 5.cxd5 d6 6.e4 g6 7.f4 Bg7 8.Bb5+ Nfd7
9.a4 Qh4+ 10.g3 Qe7 11.Nf3 O-O 12.O-O Na6 13.Re1 Nb4 14.Be3 a6 15.Bf1 Rd8
16.Bf2 h6 17.Qd2 b6 18.Rad1 Rb8 19.h3 Bb7 20.g4 Kh7 21.Bg3 Rbc8 22.Bc4 Qf8
23.Kh2 Ba8 24.g5 f6 25.h4 Qf7 26.Rf1 Qe7 27.Rde1 Rh8 28.Kg2 Rcd8 29.f5 Ne5
30.Bxe5 fxe5 31.f6 {#r} 1-0

[Event "It (open) \"]
[Site "masterchessopen.com - Caleta (England)"]
[Date "2005.01.29"]
[Round "5"]
[White "Hamer Martyn (ENG)"]
[Black "Obers Frits (NED)"]
[Result "0-1"]
[WhiteElo "2000"]
[BlackElo "2083"]

1.d4 Nf6 2.c4 e6 3.Nc3 c5 4.d5 exd5 5.cxd5 d6 6.e4 g6 7.f4 Bg7 8.Bb5+ Nfd7
9.a4 O-O 10.Nf3 Na6 11.O-O Rb8 12.Qe1 Nb4 13.Qg3 a6 14.Be2 Nf6 15.Nd2 Bd7
16.a5 Nc2 17.Ra2 Nd4 18.Bd3 Bb5 19.h3 Nh5 20.Qe3 Nf5 21.exf5 Bd4 22.Qxd4 cxd4
23.Nxb5 axb5 24.fxg6 fxg6 25.Ne4 Qh4 26.Nxd6 Nxf4 27.Bxf4 Rxf4 28.Bxb5 Rxf1+
29.Bxf1 Qe1 30.Ra3 Rf8 31.Rf3 Rxf3 32.gxf3 Qg3+ {#R} 0-1

[Event "It \"]
[Site "masterchessopen.com - Connecticut (USA)"]
[Date "2005.03.23"]
[Round "1"]
[White "Sarkar Justin (USA)"]
[Black "Bedell Lester B (USA)"]
[Result "1-0"]
[WhiteElo "2315"]
[BlackElo "2025"]

1.d4 Nf6 2.c4 e6 3.Nc3 c5 4.d5 exd5 5.cxd5 d6 6.e4 g6 7.f4 Bg7 8.Bb5+ Nfd7
9.a4 a6 10.Bc4 O-O 11.Nf3 Re8 12.O-O Nf6 13.e5 dxe5 14.fxe5 Ng4 15.d6 Nxe5
16.Bg5 Qd7 17.Nxe5 Rxe5 18.Rxf7 Qxf7 19.Bxf7+ Kxf7 20.Bf4 Rf5 21.Qb3+ Kf8
22.d7 Bd4+ 23.Kh1 Nxd7 24.Bh6+ Ke7 25.Re1+ Ne5 26.g4 Rf2 27.Be3 Rxh2+ 28.Kxh2
Nxg4+ 29.Kg3 Nxe3 30.Nd5+ Kd6 31.Nxe3 {#r} 1-0

[Event "Ch Russia (juniors) (under 18)"]
[Site "masterchessopen.com - Dagomys (Russia)"]
[Date "2005.04.12"]
[Round "7"]
[White "Zacurdajev Mikhail (RUS)"]
[Black "Garakov Mikhael (RUS)"]
[Result "1-0"]
[WhiteElo "2330"]
[BlackElo "2335"]

1.d4 Nf6 2.c4 e6 3.Nc3 c5 4.d5 exd5 5.cxd5 d6 6.e4 g6 7.f4 Bg7 8.Bb5+ Nfd7
9.a4 O-O 10.Nf3 Na6 11.O-O Rb8 12.Re1 Nc7 13.Bf1 Re8 14.e5 dxe5 15.d6 Ne6
16.Bc4 Nxf4 17.Bxf4 exf4 18.Bxf7+ Kxf7 19.Qd5+ Kf8 20.Ng5 Bd4+ 21.Kh1 Kg7
22.Qf7+ Kh6 23.Rxe8 Qxg5 24.Re7 Nf6 25.Ne4 Qf5 26.Qg7+ Kh5 {#r} 1-0

[Event "It (cat.1)"]
[Site "masterchessopen.com - Budapest (Hungary)"]
[Date "2005.05.18"]
[Round "12"]
[White "Hasanova Elmira (RUS)"]
[Black "Niemi Kalle (FIN)"]
[Result "0-1"]
[WhiteElo "2342"]
[BlackElo "2250"]

1.d4 Nf6 2.c4 c5 3.d5 e6 4.Nc3 exd5 5.cxd5 d6 6.e4 g6 7.f4 Bg7 8.Bb5+ Nfd7
9.a4 a6 10.Bc4 Qh4+ 11.g3 Qe7 12.Nf3 O-O 13.O-O Nb6 14.Bb3 Bg4 15.a5 Nc8
16.Kg2 Na7 17.Qd3 Nb5 18.Nxb5 axb5 19.Qxb5 Qxe4 20.h3 Bd7 21.Qxb7 Qe2+ 22.Rf2
Bxh3+ 23.Kg1 Bd4 24.Nxd4 Qe1+ 25.Kh2 Qxf2+ 26.Kxh3 Qf1+ 27.Kh2 cxd4 28.Qb4 Re8
29.Bc4 d3 30.Be3 Qe2+ 31.Kh3 Rxe3 {#R} 0-1

[Event "It \"]
[Site "masterchessopen.com - Las Vegas (USA)"]
[Date "2005.06.10"]
[Round "1"]
[White "Koepcke Richard (USA)"]
[Black "Sevillano Enrico (USA)"]
[Result "0-1"]
[WhiteElo "2258"]
[BlackElo "2456"]

1.d4 Nf6 2.c4 c5 3.d5 e6 4.Nc3 exd5 5.cxd5 d6 6.e4 g6 7.f4 Bg7 8.Bb5+ Nfd7
9.a4 Qh4+ 10.g3 Qe7 11.Nf3 Bxc3+ 12.bxc3 Qxe4+ 13.Kf2 O-O 14.Re1 Qf5 15.Nh4
Qh3 16.Bf1 Qxh2+ 17.Bg2 Nf6 18.Qd3 Ng4+ 19.Kf3 Nd7 20.Qe2 f6 21.Qe6+ Kg7
22.Kxg4 Ne5+ 23.Rxe5 fxe5 24.Be3 h5+ 25.Kf3 Bxe6 26.dxe6 exf4 27.Bxf4 g5 {#R}
0-1

[Event "Match \"]
[Site "masterchessopen.com - Shenzheng (China)"]
[Date "2005.07.03"]
[Round "6"]
[White "Zhao Xue (CHN)"]
[Black "Benmesbah Natacha (FRA)"]
[Result "1-0"]
[WhiteElo "2478"]
[BlackElo "2117"]

1.d4 Nf6 2.c4 c5 3.d5 e6 4.Nc3 exd5 5.cxd5 d6 6.e4 g6 7.f4 Bg7 8.Bb5+ Nfd7
9.a4 O-O 10.Nf3 Na6 11.O-O Nb4 12.Be3 Nf6 13.h3 a6 14.Bc4 Re8 15.e5 Nd7 16.Ne4
dxe5 17.fxe5 Nxe5 18.Bg5 f6 19.Nxe5 Rxe5 20.d6+ Kh8 21.Bxf6 Bxf6 22.Nxf6 Bf5
23.Ng4 Bxg4 24.hxg4 Re4 25.b3 Qg5 26.Qf3 Qe5 27.Rad1 Rd4 28.d7 Qd6 29.g5 Nc2
30.Rxd4 Qxd4+ 31.Rf2 Ne3 32.Qf8+ {#r} 1-0

[Event "It (open)"]
[Site "masterchessopen.com - La Fere (France)"]
[Date "2005.07.06"]
[Round "7"]
[White "Ricord Lucas (FRA)"]
[Black "Ruest Olivier (FRA)"]
[Result "1-0"]
[WhiteElo "1954"]
[BlackElo "2104"]

1.d4 Nf6 2.c4 c5 3.d5 e6 4.Nc3 exd5 5.cxd5 d6 6.e4 g6 7.f4 Bg7 8.Bb5+ Nfd7
9.a4 O-O 10.Nf3 Na6 11.O-O Nc7 12.Bc4 Re8 13.Re1 Rb8 14.Ra3 b6 15.Nb5 Nxb5
16.axb5 Qc7 17.e5 dxe5 18.d6 Qd8 19.Bxf7+ {#r} 1-0

[Event "Ch Vietnam (team)"]
[Site "masterchessopen.com - Vietnam"]
[Round "1"]
[White "Tran Anh Tri (VIE)"]
[Black "Nguyen Hoai Nam (VIE)"]
[Result "1-0"]
[WhiteElo "2330"]
[BlackElo "2037"]

1.d4 Nf6 2.c4 c5 3.d5 e6 4.Nc3 exd5 5.cxd5 d6 6.e4 g6 7.f4 Bg7 8.Bb5+ Nfd7
9.a4 Na6 10.Nf3 O-O 11.O-O Nb4 12.Kh1 a6 13.Bc4 Re8 14.Bd2 Qc7 15.Qb3 Nf8
16.Rae1 Bd7 17.e5 Bf5 18.Ne4 Bxe4 19.Rxe4 f5 20.Ree1 Rac8 21.Rf2 Red8 22.Bc3
Rd7 23.exd6 Qxd6 24.Be5 Qb6 25.Rfe2 {#r} 1-0

[Event "It (open)"]
[Site "masterchessopen.com - Feffernitz (Austria)"]
[Date "2005.08.24"]
[Round "5"]
[White "Galvan Sarmiento Jose Luis (ESP)"]
[Black "Mitter Gerd (AUT)"]
[Result "0-1"]
[WhiteElo "2085"]
[BlackElo "2190"]

1.d4 Nf6 2.c4 c5 3.d5 e6 4.Nc3 exd5 5.cxd5 d6 6.e4 g6 7.f4 Bg7 8.Bb5+ Nfd7
9.a4 O-O 10.Nf3 Re8 11.Qc2 Na6 12.O-O Nb4 13.Qb1 a6 14.Be2 Nf6 15.Nd2 Rb8
16.a5 Qc7 17.Nc4 Nfxd5 18.exd5 Bf5 {#R} 0-1

[Event "It (open)"]
[Site "masterchessopen.com - Izmir (Turkey)"]
[Round "9"]
[White "Gladyszev Oleg (RUS)"]
[Black "Salepci Osman Firat (TUR)"]
[Result "1-0"]
[WhiteElo "2446"]
[BlackElo "2131"]

1.d4 Nf6 2.c4 e6 3.Nc3 c5 4.d5 exd5 5.cxd5 d6 6.e4 g6 7.f4 Bg7 8.Bb5+ Nfd7
9.a4 O-O 10.Nf3 Na6 11.O-O Nc7 12.Bxd7 Bxd7 13.f5 gxf5 14.Bg5 f6 15.Bf4 Ne8
16.Qd2 fxe4 17.Nxe4 Bf5 18.Ng3 Bg6 19.Nh4 f5 20.Bg5 Bf6 21.Bxf6 Qxf6 22.Ngxf5
Kh8 23.Nd4 Qe7 24.Nxg6+ hxg6 25.Qh6+ Kg8 26.Qxg6+ Ng7 27.Ne6 Rf7 28.Ng5 Qe3+
29.Kh1 {#r} 1-0

[Event "Ch Netherlands (team) 2005/06"]
[Site "masterchessopen.com - Netherlands"]
[Date "2005.09.24"]
[Round "1"]
[White "Kalka Arkadius Georg (GER)"]
[Black "Van Beek Lucien (NED)"]
[Result "1-0"]
[WhiteElo "2401"]
[BlackElo "2332"]

1.d4 Nf6 2.c4 e6 3.Nc3 c5 4.d5 exd5 5.cxd5 d6 6.e4 g6 7.f4 Bg7 8.Bb5+ Nfd7
9.a4 Qh4+ 10.g3 Qd8 11.Nf3 O-O 12.O-O a6 13.Bxd7 Nxd7 14.f5 Rb8 15.Bf4 Qc7
16.Qd2 Re8 17.Bh6 Bh8 18.Ng5 Ne5 19.Qf4 b5 20.axb5 axb5 21.Qh4 Qe7 22.Bf8 Kxf8
23.Nxh7+ Kg8 24.f6 Qd8 25.Rf4 Bg4 26.Qh6 b4 27.Raf1 Nd7 28.Rxg4 Bxf6 29.Rxf6
Nxf6 30.Rxg6+ fxg6 31.Qxg6+ {#r} 1-0

[Event "Ch Spain (team) \"]
[Site "masterchessopen.com - Fuengirola (Spain)"]
[Date "2005.11.22"]
[Round "3"]
[White "Palacios Perez Manuel (ESP)"]
[Black "Menendez Solar Jose Carlos (ESP)"]
[Result "1-0"]
[WhiteElo "2173"]
[BlackElo "1900"]

1.d4 Nf6 2.c4 c5 3.d5 e6 4.Nc3 exd5 5.cxd5 d6 6.e4 g6 7.f4 Bg7 8.Bb5+ Nfd7
9.a4 O-O 10.Nf3 Na6 11.O-O Nc7 12.Bd3 b6 13.Re1 Re8 14.Nb5 Nxb5 15.Bxb5 Bb7
16.Qb3 Re7 17.Bd2 a6 18.Bc4 Qe8 19.e5 Qf8 20.e6 Nf6 21.Ng5 fxe6 22.Nxe6 Qe8
23.Qxb6 Bxd5 24.Nc7 Rxe1+ 25.Rxe1 {#r} 1-0

[Event "Ch Australia"]
[Site "masterchessopen.com - Brisbane (Australia)"]
[Date "2006.01.02"]
[Round "5"]
[White "Dougherty Michael (CAN)"]
[Black "Pyke Malcolm (AUS)"]
[Result "1-0"]
[WhiteElo "2197"]
[BlackElo "2199"]

1.d4 c5 2.d5 Nf6 3.c4 e6 4.Nc3 exd5 5.cxd5 d6 6.e4 g6 7.f4 Bg7 8.Bb5+ Nfd7
9.a4 O-O 10.Nf3 Na6 11.O-O Nc7 12.Bc4 Nb6 13.Ba2 Bg4 14.h3 Bxf3 15.Qxf3 Nd7
16.e5 dxe5 17.f5 e4 18.Nxe4 Bd4+ 19.Kh1 Ne5 20.Qg3 Kg7 21.Bh6+ Kg8 22.Rad1 Re8
23.d6 Na6 24.fxg6 hxg6 25.Bxf7+ Nxf7 26.Qxg6+ Kh8 27.Bg7+ Kg8 28.Qh5 {#r} 1-0

[Event "Ch Europe (seniors) (team)"]
[Site "masterchessopen.com - Dresden (Germany)"]
[Date "2006.02.20"]
[Round "4"]
[White "Hurme Harri M (FIN)"]
[Black "Montell Zabay Albert (ESP)"]
[Result "1-0"]
[WhiteElo "2211"]
[BlackElo "2074"]

1.d4 Nf6 2.c4 c5 3.d5 e6 4.Nc3 exd5 5.cxd5 d6 6.e4 g6 7.f4 Bg7 8.Bb5+ Nfd7
9.a4 O-O 10.Nf3 Na6 11.O-O Nc7 12.Be2 a6 13.a5 Rb8 14.Be3 Nf6 15.Nd2 Qe7
16.Bf2 Bd7 17.Bh4 Bb5 18.e5 dxe5 19.Nde4 Nce8 20.d6 Qe6 21.Nxc5 Bxe2 22.Nxe6
Bxd1 23.Nxf8 Bg4 24.fxe5 Bxf8 25.Bxf6 Nxf6 26.Rxf6 Bf5 27.Nd5 Bg7 28.Ne7+ Kf8
29.Nxf5 Bxf6 30.exf6 gxf5 31.d7 h6 32.Rc1 {#r} 1-0

[Event "It (open) \"]
[Site "masterchessopen.com - Budapest (Hungary)"]
[Round "9"]
[White "Bulthaupt Freerk Dr (GER)"]
[Black "Dzubasz Tino (GER)"]
[Result "0-1"]
[WhiteElo "2150"]
[BlackElo "2099"]

1.d4 c5 2.d5 e6 3.c4 exd5 4.cxd5 d6 5.e4 Nf6 6.Nc3 g6 7.f4 Bg7 8.Bb5+ Nfd7
9.a4 Qh4+ 10.g3 Qe7 11.Nf3 Na6 12.O-O Nb4 13.e5 O-O 14.e6 fxe6 15.dxe6 Nf6
16.Re1 b6 17.Bf1 Bb7 18.Bg2 Rad8 19.f5 gxf5 20.Bg5 h6 21.Nh4 Bxg2 22.Nxf5 Qb7
23.Bxf6 Rxf6 24.e7 Re8 25.Qh5 Bc6 26.Nxg7 Kxg7 27.Ne2 Qxe7 {#R} 0-1

[Event "Ch Slovenia"]
[Site "masterchessopen.com - Ljubljana (Slovenia)"]
[Date "2006.07.04"]
[Round "3"]
[White "Jelen Igor (SLO)"]
[Black "Susnik Matej (SLO)"]
[Result "0-1"]
[WhiteElo "2378"]
[BlackElo "2189"]

1.d4 Nf6 2.c4 e6 3.Nc3 c5 4.d5 exd5 5.cxd5 d6 6.e4 g6 7.f4 Bg7 8.Bb5+ Nfd7
9.a4 O-O 10.Nf3 Na6 11.O-O Nc7 12.Bd3 a6 13.Be3 Rb8 14.e5 dxe5 15.fxe5 Nxe5
16.Bxc5 Re8 17.Nxe5 Bxe5 18.Qf3 f5 19.Bc4 Qh4 {#R} 0-1

[Event "It \"]
[Site "masterchessopen.com - Novaya Ladoga (Russia)"]
[Date "2006.07.09"]
[Round "7"]
[White "Hermanov Alexander (UKR)"]
[Black "Ezov Roman (EST)"]
[Result "1-0"]
[WhiteElo "2396"]
[BlackElo "2142"]

1.d4 Nf6 2.c4 c5 3.d5 e6 4.Nc3 exd5 5.cxd5 d6 6.e4 g6 7.f4 Bg7 8.Bb5+ Nfd7
9.a4 O-O 10.Nf3 Na6 11.O-O Nc7 12.Bd3 a6 13.Nd2 b6 14.Nc4 Ne8 15.Qe1 Qc7
16.Qg3 Rb8 17.Ne3 Nef6 18.Kh1 Re8 19.Qf3 h5 20.Bd2 Ng4 21.Nxg4 hxg4 22.Qxg4 c4
23.Bc2 b5 24.axb5 axb5 25.f5 Nc5 26.Qh4 Nd7 27.e5 Nxe5 28.f6 Qd8 29.Ne4 Bf5
30.Ba5 {#r} 1-0

[Event "Tournament (juniors)"]
[Site "masterchessopen.com - Lublin (Poland)"]
[Date "2006.07.13"]
[Round "8"]
[White "Sieciechowicz Marcin (POL)"]
[Black "Bajerlein Dawid (POL)"]
[Result "1-0"]
[WhiteElo "2163"]
[BlackElo "1942"]

1.d4 Nf6 2.c4 c5 3.d5 e6 4.Nc3 exd5 5.cxd5 d6 6.e4 g6 7.f4 Bg7 8.Bb5+ Nfd7
9.a4 Na6 10.Nf3 O-O 11.O-O Nb4 12.Re1 a6 13.Bf1 Re8 14.h3 b6 15.Be3 Bb7 16.Bf2
Nf6 17.Bh4 Qc7 18.e5 Nfxd5 19.Bc4 Nxf4 20.Qxd6 Bxe5 21.Bxf7+ Qxf7 22.Nxe5 Qe6
23.Qc7 Nxg2 24.Ng4 Nxe1 25.Rxe1 Qc6 26.Nh6+ Kh8 27.Rxe8+ Rxe8 28.Qxc6 Re1+
29.Kh2 Rh1+ 30.Qxh1 {#r} 1-0

[Event "It (open)"]
[Site "masterchessopen.com - Cullera (Spain)"]
[Date "2006.07.21"]
[Round "2"]
[White "Orosa Martinez Victor (ESP)"]
[Black "Carrascoso Morales Abel (ESP)"]
[Result "0-1"]
[WhiteElo "1959"]
[BlackElo "2146"]

1.d4 Nf6 2.c4 c5 3.d5 e6 4.Nc3 exd5 5.cxd5 d6 6.e4 g6 7.f4 Bg7 8.Bb5+ Nfd7
9.a4 O-O 10.Nf3 Na6 11.O-O Nb4 12.Re1 a6 13.Bf1 Nf6 14.h3 Re8 15.a5 Rb8 16.Nd2
Nh5 17.Nc4 Bd4+ 18.Kh2 Qh4 19.Nxd6 Bxh3 20.gxh3 Qg3+ 21.Kh1 Qg1# 0-1

[Event "It (open) \"]
[Site "masterchessopen.com - Berlin (Germany)"]
[Date "2006.08.19"]
[Round "1"]
[White "Bornschein B (GER)"]
[Black "Popp Maximilian (GER)"]
[Result "1-0"]
[WhiteElo "2034"]
[BlackElo "1770"]

1.d4 Nf6 2.c4 e6 3.Nc3 c5 4.d5 exd5 5.cxd5 d6 6.e4 g6 7.f4 Bg7 8.Bb5+ Nfd7
9.a4 O-O 10.Nf3 a6 11.Bd3 Nf6 12.O-O Qb6 13.Kh1 Ng4 14.a5 Qc7 15.Qe2 Re8 16.h3
Nh6 17.Qf2 f5 18.e5 Nf7 19.e6 Nd8 20.Re1 c4 21.Bf1 Qc5 22.Be3 Qb4 23.Ra4 Bxc3
24.Rxb4 Bxb4 25.Ra1 c3 26.bxc3 Bxc3 27.Rc1 Bxa5 28.Rxc8 b5 29.Bb6 {#r} 1-0

[Event "It (open)"]
[Site "masterchessopen.com - Tilburg (Netherlands)"]
[Date "2006.08.19"]
[Round "2"]
[White "Van Ginkel Pieter (NED)"]
[Black "Dambacher Martijn (NED)"]
[Result "0-1"]
[WhiteElo "2188"]
[BlackElo "2429"]

1.d4 Nf6 2.c4 e6 3.Nc3 c5 4.d5 exd5 5.cxd5 d6 6.e4 g6 7.f4 Bg7 8.Bb5+ Nfd7
9.a4 O-O 10.Nf3 Na6 11.O-O Nc7 12.Bc4 a6 13.Re1 Re8 14.h3 Rb8 15.Qd3 b5
16.axb5 axb5 17.Nxb5 Nb6 18.Ra7 Nbxd5 19.Bxd5 Nxd5 20.Qxd5 Be6 21.Qxd6 Rxb5
22.Qc6 Qb8 23.Rc7 Rd8 24.Ne5 Rb6 {#R} 0-1

[Event "It (a)"]
[Site "masterchessopen.com - Tulsa (USA)"]
[Date "2006.09.04"]
[Round "6"]
[White "Mc Entee Tim R (USA)"]
[Black "Luther R"]
[Result "1-0"]
[WhiteElo "2182"]
[BlackElo "2150"]

1.d4 Nf6 2.c4 c5 3.d5 e6 4.Nc3 exd5 5.cxd5 g6 6.e4 d6 7.f4 Bg7 8.Bb5+ Nfd7
9.a4 Qh4+ 10.g3 Qd8 11.Nf3 O-O 12.Kf2 Nf6 13.h3 Na6 14.Kg2 Nb4 15.Re1 a6
16.Bf1 Re8 17.Nd2 b6 18.Nc4 Ra7 19.Kh2 Rae7 20.Bg2 Bb7 21.e5 dxe5 22.d6 Rd7
23.fxe5 Bxg2 24.exf6 Rxe1 25.Qxe1 Nc2 26.Qf2 Nxa1 27.fxg7 Ba8 28.Ne5 Kxg7
29.Nxd7 Qxd7 30.Qf4 Qc6 31.Qe5+ f6 32.Qe7+ {#r} 1-0

[Event "Ch Pan-American (juniors) (under 20)"]
[Site "masterchessopen.com - Bogota (Colombia)"]
[Date "2006.09.05"]
[Round "4"]
[White "Alvarez Miguel Angel (MEX)"]
[Black "Guerrero Juan Carlos (COL)"]
[Result "1-0"]
[WhiteElo "2073"]
[BlackElo "2073"]

1.d4 Nf6 2.c4 c5 3.d5 e6 4.Nc3 exd5 5.cxd5 d6 6.e4 g6 7.f4 Bg7 8.Bb5+ Nfd7
9.a4 O-O 10.Nf3 Na6 11.O-O Nb4 12.Be3 a6 13.Be2 Nf6 14.Kh1 b6 15.Nd2 Re8
16.Bf2 Qc7 17.Bg3 Bb7 18.Bf3 c4 19.e5 Nfxd5 20.exd6 Qxd6 21.Nxc4 Qc5 22.Qb3 b5
23.Na5 {#r} 1-0

[Event "It (open) (juniors) (under 16)"]
[Site "masterchessopen.com - Benidorm (Spain)"]
[Date "2006.12.08"]
[Round "6"]
[White "Rubio Mejia Luis Ignacio (ESP)"]
[Black "Martinez Martinez Manuel (ESP)"]
[Result "1-0"]
[WhiteElo "2222"]
[BlackElo "1937"]

1.d4 Nf6 2.c4 c5 3.d5 e6 4.Nc3 exd5 5.cxd5 d6 6.e4 g6 7.f4 Bg7 8.Bb5+ Nfd7
9.a4 Na6 10.Nf3 O-O 11.O-O Nb4 12.Re1 a6 13.Bf1 Re8 14.h3 Qc7 15.a5 f5 16.e5
dxe5 17.d6 Qc6 18.Bc4+ Kh8 19.Ng5 Bf6 20.Nf7+ Kg7 21.fxe5 Bxe5 22.Bh6+ Kf6
23.Ne4+ {#r} 1-0

[Event "It (open)"]
[Site "masterchessopen.com - Glyfada (Greece)"]
[Date "2006.12.29"]
[Round "6"]
[White "Tolis Evangelos (GRE)"]
[Black "Ioannou Evripidis (GRE)"]
[Result "1-0"]
[WhiteElo "2043"]
[BlackElo "1953"]

1.d4 Nf6 2.c4 e6 3.Nc3 c5 4.d5 exd5 5.cxd5 d6 6.e4 g6 7.f4 Bg7 8.Bb5+ Nfd7
9.a4 Qh4+ 10.g3 Qe7 11.Nge2 O-O 12.O-O Na6 13.Re1 Nb4 14.Be3 Nf6 15.Nc1 Ng4
16.Bd2 Bd4+ 17.Kg2 Nf2 18.Qb3 Bh3+ 19.Kf3 a6 20.Bf1 Qd7 21.Be3 Qg4+ 22.Kxf2
Bxf1 23.Rxf1 Qh3 24.Bxd4 Qxh2+ 25.Kf3 Nc2 26.Qxc2 Qxc2 27.Rf2 cxd4 28.Rxc2
dxc3 29.Rxc3 Rac8 30.Ne2 {#r} 1-0

[Event "It (open)"]
[Site "masterchessopen.com - Foxwoods (USA)"]
[Date "2007.04.04"]
[Round "1"]
[White "Ippolito Dean (USA)"]
[Black "Boskovic Drasko (SRB)"]
[Result "0-1"]
[WhiteElo "2409"]
[BlackElo "2473"]

1.d4 Nf6 2.c4 c5 3.d5 e6 4.Nc3 exd5 5.cxd5 d6 6.e4 g6 7.f4 Bg7 8.Bb5+ Nfd7
9.a4 O-O 10.Nf3 Na6 11.O-O Nc7 12.Bd3 f5 13.e5 dxe5 14.d6 Ne8 15.Bc4+ Kh8
16.Ng5 Nb6 17.Nf7+ Rxf7 18.Bxf7 Nxd6 19.a5 Nxf7 20.Qxd8+ Nxd8 21.axb6 a6
22.fxe5 Bxe5 23.Re1 Bd4+ 24.Be3 Bd7 25.Bxd4+ cxd4 26.Re7 Bc6 27.Ne2 d3 28.Nf4
Bb5 29.Rd1 Nc6 30.Rxb7 Rd8 31.Rc7 {#R} 0-1

[Event "It \"]
[Site "masterchessopen.com - Aguascalientes (Mexico)"]
[Date "2007.04.05"]
[Round "3"]
[White "Escobedo Tinajero Alberto (MEX)"]
[Black "Altamirano Gonzalez Yehudi (MEX)"]
[Result "1-0"]
[WhiteElo "2392"]
[BlackElo "2127"]

1.d4 Nf6 2.c4 c5 3.d5 e6 4.Nc3 exd5 5.cxd5 d6 6.e4 g6 7.f4 Bg7 8.Bb5+ Nfd7
9.a4 O-O 10.Nf3 Nf6 11.e5 dxe5 12.fxe5 Ng4 13.Bf4 a6 14.Be2 Nd7 15.Bg5 Qb6
16.Qd2 Ngxe5 17.Be7 Nxf3+ 18.gxf3 Re8 19.d6 Nf6 20.a5 Qb4 21.Ra4 Qb3 22.Bc4
Qb4 23.Be2 Ne4 24.Rxb4 Nxd2 25.Rb6 Bh6 26.Nd5 Bg7 27.Nc3 Bd7 28.Bc4 Rab8 {#r}
1-0

[Event "Ch Europe"]
[Site "masterchessopen.com - Dresden (Germany)"]
[Date "2007.04.13"]
[Round "10"]
[White "Jorczik Julian (GER)"]
[Black "Kaplan Sasha (ISR)"]
[Result "1-0"]
[WhiteElo "2362"]
[BlackElo "2437"]

1.d4 Nf6 2.c4 c5 3.d5 e6 4.Nc3 exd5 5.cxd5 d6 6.e4 g6 7.f4 Bg7 8.Bb5+ Nfd7
9.a4 Qh4+ 10.g3 Qd8 11.Nf3 O-O 12.O-O a6 13.Bc4 Nb6 14.Be2 Bg4 15.Kg2 N8d7
16.a5 Nc8 17.h3 Bxf3+ 18.Bxf3 Re8 19.Re1 Na7 20.Qd3 Rc8 21.Qc4 f5 22.e5 b5
23.axb6 Nxb6 24.Qxa6 dxe5 25.fxe5 Bxe5 26.Bh6 Ra8 27.d6 Nc6 28.Qb7 Rxa1
29.Rxe5 Ra7 30.Rxe8+ Qxe8 31.Qxb6 {#r} 1-0

[Event "It (open)"]
[Site "masterchessopen.com - Utrecht (Netherlands)"]
[Date "2007.06.08"]
[Round "1"]
[White "Kubbenga Michael (NED)"]
[Black "Rosmuller Anton (NED)"]
[Result "0-1"]
[WhiteElo "2041"]
[BlackElo "2116"]

1.d4 e6 2.c4 c5 3.d5 exd5 4.cxd5 d6 5.Nc3 Nf6 6.e4 g6 7.f4 Bg7 8.Bb5+ Nfd7
9.a4 Qh4+ 10.g3 Qe7 11.Nf3 O-O 12.O-O Na6 13.e5 Nb4 14.Re1 dxe5 15.d6 Qe6
16.fxe5 a6 17.Bf1 Nxe5 18.Bf4 Nxf3+ 19.Qxf3 Qf5 20.Red1 Bd4+ 21.Kg2 Bd7 22.Bc4
Bc6 23.Nd5 Nxd5 {#R} 0-1

[Event "It (open)"]
[Site "masterchessopen.com - Saint-Affrique (France)"]
[Round "7"]
[White "Ryan Martin (FRA)"]
[Black "Benmesbah Stephane (FRA)"]
[Result "1-0"]
[WhiteElo "2054"]
[BlackElo "2246"]

1.d4 Nf6 2.c4 c5 3.d5 e6 4.Nc3 exd5 5.cxd5 d6 6.e4 g6 7.f4 Bg7 8.Bb5+ Nfd7
9.a4 O-O 10.Nf3 Na6 11.O-O Nc7 12.Bd3 a6 13.Re1 Re8 14.e5 dxe5 15.d6 Ne6
16.fxe5 Nd4 17.Nxd4 cxd4 18.e6 dxc3 19.exf7+ Kxf7 20.Bc4+ Kf8 21.Rxe8+ Qxe8
22.Qf1+ Nf6 23.d7 Qxd7 24.bxc3 Qf5 25.Ba3+ Ke8 26.Re1+ Kd8 27.Qe2 Ne4 28.Qd3+
Bd7 29.Rxe4 Kc8 30.Bd5 Bf6 31.Qc4+ Kd8 32.Bc5 Bc6 33.Bb6+ Kd7 {#r} 1-0

[Event "Ch Asia (juniors) (under 18)"]
[Site "masterchessopen.com - Tashkent (Uzbekistan)"]
[Date "2007.07.06"]
[Round "8"]
[White "Temirov B (KAZ)"]
[Black "Golizadeh Asghar (IRI)"]
[Result "0-1"]
[WhiteElo "2282"]
[BlackElo "2285"]

1.d4 Nf6 2.c4 c5 3.d5 e6 4.Nc3 exd5 5.cxd5 d6 6.e4 g6 7.f4 Bg7 8.Bb5+ Nfd7
9.a4 O-O 10.Nf3 Na6 11.O-O Nb4 12.Re1 a6 13.Bf1 Re8 14.Na2 Nxa2 15.Rxa2 Nf6
16.Bd3 Bg4 17.Bd2 b5 18.b3 c4 19.bxc4 bxc4 20.Bb1 Rb8 21.h3 Bxf3 22.Qxf3 Nxd5
23.Bc2 c3 24.exd5 cxd2 25.Rf1 Qb6+ 26.Kh2 Re3 27.Qf2 Re1 28.Qf3 Rbe8 29.Rb2
{#R} 0-1

[Event "It (open)"]
[Site "masterchessopen.com - Cullera (Spain)"]
[Date "2007.07.09"]
[Round "5"]
[White "Sanchez Raboso Vicente (ESP)"]
[Black "Castellote Lillo Javier (ESP)"]
[Result "1-0"]
[WhiteElo "2130"]
[BlackElo "2069"]

1.d4 Nf6 2.c4 c5 3.d5 e6 4.Nc3 exd5 5.cxd5 g6 6.e4 d6 7.f4 Bg7 8.Bb5+ Nfd7
9.a4 Qh4+ 10.g3 Qe7 11.Qf3 O-O 12.Nge2 Nf6 13.f5 Nfd7 14.Bf4 g5 15.Bxd7 Nxd7
16.Bc1 Ne5 17.Qe3 Bd7 18.O-O g4 19.Kg2 Rae8 20.Qf4 Qf6 21.Rh1 Kh8 22.h3 gxh3+
23.Rxh3 Nd3 24.Qg4 Rg8 25.Bg5 Ne5 26.Qh5 {#r} 1-0